Online
Catalog

La lengua sáliba : (Record no. 11561)

MARC details
000 -CABECERA
campo de control de longitud fija 01077cam a2200277 a 4500
001 - NÚMERO DE CONTROL
campo de control 000011891
005 - FECHA Y HORA DE LA ÚLTIMA TRANSACCIÓN
campo de control 20200929162615.0
008 - DATOS DE LONGITUD FIJA--INFORMACIÓN GENERAL
campo de control de longitud fija 970513s1996 ck ab b 000 0 spa
020 ## - NÚMERO INTERNACIONAL ESTÁNDAR DEL LIBRO
Número Internacional Estándar del Libro 9586122530
040 ## - FUENTE DE LA CATALOGACIÓN
Centro catalogador/agencia de origen DO-SdBNP
Lengua de catalogación spa
Centro/agencia transcriptor DLC
Centro/agencia modificador BNPHU
082 ## - NÚMERO DE LA CLASIFICACIÓN DECIMAL DEWEY
Número de clasificación 498
Número de documento/Ítem E82l
049 ## - FONDOS LOCALES (OCLC)
Fondos de biblioteca BNGR
100 1# - ENTRADA PRINCIPAL--NOMBRE DE PERSONA
Nombre de persona Estrada Ramírez, Hortensia,
Fechas asociadas al nombre 1956-
9 (RLIN) 28107
245 13 - MENCIÓN DE TÍTULO
Título La lengua sáliba :
Resto del título clases nominales y sistema de concordancia /
Mención de responsabilidad, etc. Hortensia Estrada Ramírez.
246 30 - FORMA VARIANTE DE TÍTULO
Título propio/Titulo breve Clases nominales y sistema de concordancia
260 ## - PUBLICACIÓN, DISTRIBUCIÓN, ETC.
Lugar de publicación, distribución, etc. Santafé de Bogotá, Colombia :
Nombre del editor, distribuidor, etc. Colcultura :
-- Tercer Mundo Editores,
Fecha de publicación, distribución, etc. 1996.
300 ## - DESCRIPCIÓN FÍSICA
Extensión xxxiii, 230 p. :
Otras características físicas il., mapas ;
Dimensiones 21 cm.
546 ## - NOTA DE LENGUA/LENGUAJE
Nota de lengua/lenguaje Español y Sáliba
504 ## - NOTA DE BIBLIOGRAFÍA, ETC.
Nota de bibliografía, etc. Incluye referencias bibliográficas (p. 227-230).
586 ## - NOTA DE PREMIOS
Nota de premios Premios nacionales de cultura, 1995.
650 #4 - PUNTO DE ACCESO ADICIONAL DE MATERIA--TÉRMINO DE MATERIA
Término de materia o nombre geográfico como elemento de entrada Lenguas sáliba
Subdivisión general Nominales
9 (RLIN) 28108
650 #4 - PUNTO DE ACCESO ADICIONAL DE MATERIA--TÉRMINO DE MATERIA
Término de materia o nombre geográfico como elemento de entrada Lenguas sáliba
Subdivisión general Gramática
9 (RLIN) 28109
650 #4 - PUNTO DE ACCESO ADICIONAL DE MATERIA--TÉRMINO DE MATERIA
Término de materia o nombre geográfico como elemento de entrada Lenguas sáliba
Subdivisión general Glosarios, vocabularios, etc.
9 (RLIN) 28110
710 2# - PUNTO DE ACCESO ADICIONAL--NOMBRE DE ENTIDAD CORPORATIVA
Nombre de entidad corporativa o nombre de jurisdicción como elemento de entrada Instituto Colombiano de Cultura
9 (RLIN) 19853
910 ## - DATOS DE OPCIÓN DEL USUARIO (OCLC)
Datos de opción del usuario Catalogación por copia / LC
Holdings
Estado de retiro Estado de pérdida Restricciones de uso No para préstamo Código de colección Localización permanente Ubicación/localización actual Ubicación en estantería Fecha de adquisición Número de inventario Total de préstamos Signatura topográfica completa Código de barras Fecha visto por última vez Precio válido a partir de Tipo de ítem Koha
    Préstamo interno   Monografías: Libros y Folletos General General En catalogación 29.10.2009 LF1   498 E82l 11891-10 25.06.2020 25.06.2020 Préstamo interno

Powered by Koha